00945nab a22001817a 4500003000400000005001700004008004100021040000700062100002400069245012600093300001500219505028300234505007200517650002900589650002300618650002400641773009800665OSt20260108225155.0190514b xxu||||| |||| 00| 0 spa d cPJ aPauletti, Ana Clara10aBalance, consolidación y desafíos en procesos de familia con detenimiento en la sentencia oral /cAna Clara Pauletti. ap. 246-259 aSumario: I. A diez años de la vigencia del nuevo código de fondo.— II. Regulaciones procesales en materia familiar.— III. Valoración de la exigencia de especialidad de la judicatura.— IV. La nueva oralidad como desafío.— V. Sentencia oral en procesos de familia. tSi te interesa el texto, comunicate a koha@justierradelfuego.gov.ar 0aCODIGO CIVIL Y COMERCIAL 0aDERECHO DE FAMILIA 0aPROCESOS DE FAMILIA0 02844dBuenos Aires : AbeledoPerrot, 1989-tDerecho de familia. N° 120 - Julio 2025z18511201